Taïwan pour les touristes... - Facile - Statistiques

Statistiques générales
  • Ce quiz a été pris 29 fois
  • Le résultat moyen est 6 sur 20
Statistiques - réponses
Question Indice Réponses Indice facile % Correct
Quelle sont les langues officielles ? M Min
92%
Quel est le climat local ? T Tropical
62%
Dans la capitale quel est le décalage horaire avec Paris ? (+ ou - et chiffre) ex - 10 ou + 3,5 + 6
50%
Le suffixe internet est tw
50%
Combien d'heures (environ) mettrez-vous pour vous y rendre ? (en chiffres) 16
46%
La religion majoritaire est Bouddhisme B
46%
Quelle sont les langues officielles ? T Taïwanais
46%
Le principal aéroport est T Taipei
38%
Comment se nomme la principale compagnie aérienne locale C A China Airlines NIIHEISANARLC
31%
Quelles sont les principaux lieux touristiques ? K Ville de {Kaohsiung} UOAGSKNHI
31%
Quelles sont les principaux lieux touristiques ? W Ville de {Wulai} LAUWI
31%
Achats à faire 1/ Sorte de parapluie Ombrelles O
15%
Quelle sont les langues officielles ? H Hakka
12%
Quelle est la monnaie ? Dollar de Taïwan $
8%
Quelle sont les langues officielles ? Mandarin de Taïwan M
8%
Quelle sont les langues officielles ? F Dialecte de {Fuzhou}
4%
Achats à faire 2/ Instrument de musique Guzheng GZEGNHU
4%
Quelle sont les langues officielles ? F Langues {formosanes}
4%
Quel est le régime du pays ? R S République semi-présidentielle
4%
Code sur les plaques minéralogiques RC
0%
Aucun quiz correspondant
Distribution des résultats
% des personnes avec chaque résultat
Percentile par nombre de réponses
Votre historique - résultats
Vous n’avez pas pris ce quiz